000 00848ngm a22002537a 4500
005 20170223112126.0
008 150518b xxu||||| |||| 00| 0 spa d
041 _aspa
082 _a374 DVD
100 _aFornaguera, Jaime
_931895
245 _aEstimulación temprana y sus efectos a nivel conductual, neuroquímico y expresión génica
260 _aCosta Rica
260 _bUNED
260 _c2014
300 _a45 minutos
440 _aVII Convención Mundial de Estimulación Prenatal y Desarrollo Infantil
_98599
500 _aConferencia referente a la neurociencia aplicada a la educación, desarrollo del niño, su genética y crianza
650 _aCOSTA RICA
_940555
650 _aNEUROCIENCIA
_9269
650 _aNEUROLOGÍA INFANTIL
_940556
650 _aCONDUCTA ANIMAL
_931898
650 _aEDUCACIÓN
_9286
942 _cDVD
999 _c5943
_d5943